Italian brain rot - Statistics

General Stats
  • This quiz has been taken 162 times
  • The average score is 5 of 13
Answer Stats
Picture Answer % Correct
tung tung tung sahur
88%
brr brr patapim
62%
cappuccino assassino
56%
ballerina cappuccina
49%
trippi troppi
48%
lirili larila
46%
frulli frulla
23%
La vaca saturno saturnita
22%
frigo camelo
21%
tralaleo tralala
19%
shimpanzini bananini
15%
cacto hipopotamo
2%
bobardilo crocodilo
1%
No matching quizzes found
Score Distribution
Percent of People with Each Score
Percentile by Number Answered
Your Score History
You have not taken this quiz